Fundamentals of Computers (Record no. 239694)

MARC details
000 -LEADER
fixed length control field 00373nam a2200145Ia 4500
008 - FIXED-LENGTH DATA ELEMENTS--GENERAL INFORMATION
fixed length control field 240823s9999||||xx |||||||||||||| ||und||
082 ## - DEWEY DECIMAL CLASSIFICATION NUMBER
-- 004 Q1
100 ## - MAIN ENTRY--PERSONAL NAME
Personal name Loveleen Gaur
245 #0 - TITLE STATEMENT
Title Fundamentals of Computers
260 ## - PUBLICATION, DISTRIBUTION, ETC. (IMPRINT)
Date of publication, distribution, etc 2011
Name of publisher, distributor, etc Vrinda Publica
Place of publication, distribution, etc Delhi
500 ## - GENERAL NOTE
General note YES
650 ## - SUBJECT ADDED ENTRY--TOPICAL TERM
Topical term or geographic name as entry element Computers in Medicine
942 ## - ADDED ENTRY ELEMENTS (KOHA)
Item type Non Books
Holdings
Withdrawn status Lost status Damaged status Permanent location Current location Shelving location Date acquired Full call number Barcode Date last seen Koha item type
      CENTRAL LIBRARY, NOORUL ISLAM CENTRE FOR HIGHER EDUCATION CENTRAL LIBRARY, NOORUL ISLAM CENTRE FOR HIGHER EDUCATION   02/07/2012 004 Q1 CD1274 08/23/2024 Non Books
Visitors:
Copyright © 2024 Central Library NICHE.  All rights reserved.